| 000 | 00667nac a22001931u 4500 | ||
|---|---|---|---|
| 020 | _a8175810777 | ||
| 082 |
_a823.8 _bSHA |
||
| 090 |
_c9669 _d9669 |
||
| 100 | _aShakespeare, William | ||
| 245 |
_aRomeo and Juliet/ _bWilliam Shkespeare, Ramji Lall |
||
| 260 |
_aNew Delhi : _bRama Brothers,C.2004. _cC.2004. |
||
| 440 | _aYork Classics | ||
| 500 | _aDistributer:Al-Ahram. | ||
| 511 | _aCatalogued By: Mahitab. | ||
| 650 |
_aEnglish Fiction _cCritical Study. |
||
| 700 | _aLall, Ramji | ||
| 942 |
_cBB _k823.8SHA |
||
| 999 |
_c9669 _d9669 |
||